| 000 | 00962cab a2200289 4500 | ||
|---|---|---|---|
| 001 | ABS53673 | ||
| 008 | 090401t1995 xxu||||| |||| 00| 0 eng d | ||
| 035 | _a(Sirsi) u5803 | ||
| 041 | _aeng | ||
| 100 | _aStone, T. | ||
| 245 | _aDon`t disregard time limits | ||
| 260 | _c1995 | ||
| 350 | _a0 | ||
| 490 |
_aSolicitors` Journal _v139(38) 6 October 1995, 976-977(2) |
||
| 520 | _aExamines conditions and strict time limits surrounding appeals against arbitration awards. Refers to recent CA examples. | ||
| 650 | _aAPPEALS | ||
| 650 | _aARBITRATION ACT 1979 | ||
| 650 | _aARBITRATORS' AWARDS | ||
| 650 | _aERROR OF LAW | ||
| 650 | _aEURIPIDES V GASCOYNE HOLDINGS LTD | ||
| 650 | _aIPSWICH BC V FISONS | ||
| 650 | _aSOS ENVIRONMENT V EUSTON CENTRE INVESTMENTS LTD | ||
| 650 | _aTIME LIMITS | ||
| 690 | _aMANAGEMENT-DISPUTE AVOIDANCE, MANAGEMENT AND RESOLUTION-DISPUTE MANAGEMENT AND RESOLUTION-ARBITRATION | ||
| 942 | _n0 | ||
| 948 | _c04/03/1997 | ||
| 999 |
_c3464 _d3464 |
||